000 00730nam a2200217Ia 4500
005 20241129111042.0
008 241129s9999||||xx |||||||||||||| ||und||
020 _a978-93-92228-67-4
037 _aTB
040 _aCRL
_bhin
_cCRL
041 _ahin
_2hin
084 _aO152,1N40x Q9
_qCRL
100 _aखरे, विष्णु, ले.
245 0 _aसेतु समग्र: कविता विष्णु खरे
_cखरे, विष्णु, ले.
260 _aनोएडा, भारत
_bसेतु प्रकाशन
_c2019
300 _a543पृ0
365 _aINR
_b1030
650 _aHindi literaturePoetry
942 _cTB
_hO152,1N40x Q9
999 _c1228722
_d1228722